| 000 | 01006nam a2200241Ia 4500 | ||
|---|---|---|---|
| 999 |
_c40528 _d40528 |
||
| 001 | 7139 | ||
| 003 | GE_BSU | ||
| 005 | 20231005115927.0 | ||
| 008 | 181216s2011||||ge |||||||||||||| ||geo|| | ||
| 020 | _a9789941192517 | ||
| 040 | _cGE_BSU | ||
| 041 | _ageo | ||
| 080 | _a821..353.1 ტ-15 | ||
| 100 |
_aტაბიძე, გალაკტიონ _920003 |
||
| 245 |
_aპოეზია. ტ. 2 : _b[ხუთტომეული] / _cგალაკტიონ ტაბიძე ; [სარედ. ჯგ. : ზ. აბაშიძე, მ. ჯანელიძე, ი. ხარჩილაძე]. |
||
| 264 |
_aთბილისი : _bპალიტრა L, _c2011. |
||
| 300 |
_a336 გვ. : _bფოტო-პორტრეტი, _c20 სმ. |
||
| 490 |
_aჩემი რჩეული _vტ 7 _xISSN 2233-3037 |
||
| 541 | _h8ლ. | ||
| 653 | _aპოეზია | ||
| 700 |
_aაბაშიძე, ზურაბ _eრედაქტორი _91322 |
||
| 942 |
_cBK _2udc |
||